The book of Tofu : protein source of the future--now!

में बचाया:
ग्रंथसूची विवरण
मुख्य लेखक: Shurtleff, William
स्वरूप: पुस्तक
भाषा:Undetermined
प्रकाशित: Berkeley, Calif. Ten Speed Press 1983
विषय:
टैग : टैग जोड़ें
कोई टैग नहीं, इस रिकॉर्ड को टैग करने वाले पहले व्यक्ति बनें!
Thư viện lưu trữ: Trung tâm Học liệu Trường Đại học Cần Thơ
LEADER 00544nam a2200193Ia 4500
001 CTU_126287
008 210402s9999 xx 000 0 und d
082 |a 641.6 
082 |b S562 
100 |a Shurtleff, William 
245 4 |a The book of Tofu : 
245 0 |b protein source of the future--now! 
245 0 |c William Shurtleff, Akiko Aoyagi 
260 |a Berkeley, Calif. 
260 |b Ten Speed Press 
260 |c 1983 
650 |a Tofu,Cookery (Tofu) 
904 |i Nguyên 
980 |a Trung tâm Học liệu Trường Đại học Cần Thơ